|
|
|
|
| LEADER |
01736nam a22004215i 4500 |
| 001 |
36600 |
| 003 |
BD-DhAAL |
| 005 |
20211129100332.0 |
| 008 |
191118t2018 maua b 001 0 eng |
| 999 |
|
|
|c 41541
|d 41541
|
| 010 |
|
|
|a 2016945876
|
| 020 |
|
|
|a 9781337099738
|
| 020 |
|
|
|a 0170386139
|
| 020 |
|
|
|a 1337099732
|
| 020 |
|
|
|a 9780170386135
|
| 035 |
|
|
|a (OCoLC)ocn971018624
|
| 040 |
|
|
|a AU@
|b eng
|c AU@
|e rda
|d OCLCO
|d OCLCF
|d YDX
|d AUTEG
|d CDN
|d OCL
|d DLC
|d BD-DhAAL
|
| 042 |
|
|
|a anuc
|a lccopycat
|
| 082 |
|
|
|2 23
|a 658.1599
|
| 100 |
1 |
|
|a Madura, Jeff
|9 37288
|
| 245 |
1 |
0 |
|a International financial management /
|c Jeff Madura
|
| 250 |
|
|
|a Thirteen Edition.
|
| 260 |
|
|
|a Bostan, MA
|b Cengage Learning,
|c 2018
|
| 300 |
|
|
|a xxvi, 710 pages :
|b colour illustrations ;
|c 25 cm.
|
| 504 |
|
|
|a Includes bibliographical references and index
|
| 526 |
|
|
|a BBS
|
| 541 |
|
|
|a Trim education
|e 36600
|
| 650 |
|
0 |
|a International finance.
|9 37289
|
| 650 |
|
0 |
|a Foreign exchange.
|9 37290
|
| 650 |
|
0 |
|a Asset-liability management.
|9 37291
|
| 650 |
|
0 |
|a Banks and banking, International.
|9 37292
|
| 650 |
|
0 |
|a International business enterprises
|x Finance.
|9 37293
|
| 650 |
|
0 |
|a Corporations
|x Finance
|9 37294
|
| 650 |
|
0 |
|a Business & finance
|9 43247
|
| 852 |
|
|
|a Ayesha Abed Library
|c General Stacks
|
| 942 |
|
|
|2 ddc
|c BK
|
| 952 |
|
|
|0 0
|1 0
|2 ddc
|4 0
|6 658_159900000000000_MAD
|7 0
|9 67068
|a BRACUL
|b BRACUL
|c GEN
|d 2019-11-06
|e Trim Education
|g 15900.00
|l 18
|m 169
|o 658.1599 MAD
|p 3010036600
|q 2026-06-02
|r 2026-02-18
|s 2026-02-18
|t 1
|v 15900.00
|w 2019-11-06
|y BK
|
| 952 |
|
|
|0 0
|1 0
|2 ddc
|4 0
|6 658_159900000000000_MAD
|7 0
|9 67269
|a BRACUL
|b BRACUL
|c GEN
|d 2019-11-24
|e Trim Education
|g 15900.00
|l 15
|m 151
|o 658.1599 MAD
|p 3010036752
|r 2026-05-20
|s 2026-02-01
|t 2
|v 15900.00
|w 2019-11-24
|y BK
|